Courses de Mario Kart 8 Deluxe - Statistiques

Statistiques générales
  • Ce quiz a été pris 4 254 fois
    4 206 depuis la dernière actualisation
  • Le résultat moyen est 27 sur 96
Statistiques - réponses
Coupe Course % Correct
Spéciale Route Arc-En-Ciel
79%
Lune Route Arc-En-Ciel (3DS)
79%
Éclair Route Arc-En-Ciel (N64)
79%
Triforce Route Arc-En-Ciel (SNES)
79%
Épines Route Arc-En-Ciel (Wii)
79%
Fleur Circuit Mario
67%
Navet Circuit Mario 3 (SNES)
67%
Boomerang Circuit Mario (DS)
67%
Carapace Circuit Mario (GBA)
67%
Spéciale Château de Bowser
63%
Épines Château de Bowser 3 (SNES)
63%
Œuf Circuit Yoshi (GCN)
48%
Carapace Prairie Meuh Meuh (Wii)
45%
Turbo Dorée Supermarché Coco (Wii)
42%
Crossing Parc Baby (GCN)
41%
Crossing Animal Crossing
38%
Clochette Big Blue
37%
Champignon Champidrome
37%
Étoile Descente Givrée
37%
Triforce Mine Wario (Wii)
37%
Feuille Stade Wario (DS)
35%
Carapace Autoroute Toad (N64)
34%
Banane Désert Sec Sec (GCN)
34%
Turbo Dorée Circuit Toad (3DS)
33%
Étoile Aéroport Azur
30%
Navet Flipper Waluigi (DS)
30%
Turbo Dorée Promenade à Paris (Tour)
30%
Triforce Circuit d'Hyrule
28%
Gland Circuit Daisy (Wii)
27%
Hélico Gorge Champignon (Wii)
27%
Gland Montagne DK (GCN)
27%
Fruit Pic DK (Wii)
27%
Fleur Promenade Toad
27%
Champignon Temple Thwomp
27%
Feuille Vallée Yoshi (N64)
27%
Éclair Volcan Grondant (Wii)
27%
Pierre Bois Vermeil (Wii)
26%
Étoile Club Mario
26%
Spéciale Désert Toussec
26%
Carapace Plage Cheep Cheep (DS)
26%
Boomerang Stade Waluigi (GCN)
26%
Éclair Horloge Tic-Tac (DS)
25%
Clochette Koopapolis (3DS)
25%
Œuf Mute City
25%
Crossing Pays Fromage (GBA)
25%
Champignon Piste aux Délices
25%
Lune Jardin Peach (DS)
24%
Étoile Lagon Tourbillon
24%
Clochette Route Ruban (GBA)
24%
Cerises Cap Koopa (Wii)
23%
Éclair Égout Piranha (3DS)
23%
Fleur Manoir Trempé
23%
Feuille Piste Musicale (3DS)
23%
Fleur Cascades Maskass
22%
Turbo Dorée Montagne Choco (N64)
22%
Plume Paquebot Daisy (GCN)
22%
Crossing Passage Feuillage
22%
Banane Autodrome Royal (N64)
21%
Maneki-Neko Dojo Ninja
21%
Œuf Arène d'Excitebike
20%
Clochette Métro Turbo
20%
Banane Plaine Donut 3 (SNES)
20%
Œuf Route du Dragon
20%
Feuille Royaume Sorbet (GCN)
20%
Spéciale Voie Céleste
20%
Plume Route Clair de Lune (Wii)
18%
Triforce Station Glagla
18%
Plume Course à la Propreté
17%
Navet Désert Kalimari (N64)
17%
Banane Forêt Tropicale DK (3DS)
17%
Champignon Parc Glougloop
17%
Maneki-Neko Corniche Champignon (DS)
16%
Fruit Île de Yoshi
16%
Pierre Lac Boo (GBA)
16%
Maneki-Neko Jardin Volant (GBA)
15%
Pierre Mont Éboulis (3DS)
15%
Lune Balade Berlinoise (Tour)
14%
Hélico Cité Sorbet
14%
Pierre Détour à Londres (Tour)
14%
Navet Escapade New-yorkaise (Tour)
14%
Épines Monde Glacé d'Harmonie (3DS)
14%
Boomerang Bousculade à Bangkok (Tour)
13%
Épines Méandres Madrilènes (Tour)
13%
Lune Mont Festif
13%
Hélico Pays Neigeux (GBA)
13%
Maneki-Neko Traversée de Tokyo (Tour)
13%
Fruit Virée à Amsterdam (Tour)
13%
Plume Athènes Antique (Tour)
12%
Boomerang Poursuite à Singapour (Tour)
12%
Gland Roma Romantica (Tour)
12%
Hélico Sprint à Sydney (Tour)
12%
Cerises Pays Crépuscule (GBA)
11%
Fruit Riverside Parc (GBA)
11%
Cerises Virages à Vancouver (Tour)
11%
Cerises Road-Trip à Los Angeles (Tour)
10%
Gland Ruines Plante Piranha
9%
Aucun quiz correspondant
Distribution des résultats
% des personnes avec chaque résultat
Percentile par nombre de réponses
Votre historique - résultats
Vous n’avez pas pris ce quiz depuis la dernière actualisation